Tìm hiểu tiềm năng du lịch tỉnh Quảng Trị và định hướng phát triển

Cơ sở lý luận và thực tiễn. Tài nguyên du lịch tỉnh Quảng Trị. Hiện trạng du lịch tỉnh Quảng Trị và định hướng phát triển

Đã lưu trong:
Chi tiết về thư mục
Tác giả chính: Đinh, Mai Tiến Dũng
Tác giả khác: Nguyễn, Văn Nam Th.S (Hướng dẫn)
Định dạng: Sách
Ngôn ngữ:Vietnamese
Được phát hành: Đại học Đà Nẵng Trường đại học Sư Phạm 2010
Loạt:Khóa luận tốt nghiệp đại học. Chuyên ngành: Sư Phạm Địa lý
Những chủ đề:
Các nhãn: Thêm thẻ
Không có thẻ, Là người đầu tiên thẻ bản ghi này!
Thư viện lưu trữ: Mạng thư viện Đại học Đà Nẵng
LEADER 01513nam a2200349 4500
001 000011462
003 7709
005 20120204150241.0
008 120204s2010 viesd
041 |a vie 
072 |a Khóa luận tốt nghiệp 
082 |a 910.45  |b DI-D 
100 |a Đinh, Mai Tiến Dũng 
245 |a Tìm hiểu tiềm năng du lịch tỉnh Quảng Trị và định hướng phát triển  |c Đinh, Mai Tiến Dũng 
260 |a Đại học Đà Nẵng  |b Trường đại học Sư Phạm  |c 2010 
300 |a 59 tr.  |b Bản đồ + ảnh mhọa  |c 29 cm 
490 |a Khóa luận tốt nghiệp đại học. Chuyên ngành: Sư Phạm Địa lý 
500 |a Tham khảo cuôi trang 
520 |a Cơ sở lý luận và thực tiễn. Tài nguyên du lịch tỉnh Quảng Trị. Hiện trạng du lịch tỉnh Quảng Trị và định hướng phát triển 
653 |a Khóa luận tốt nghiệp đại học 
653 |a Khoa Địa lí 
700 |a Nguyễn, Văn Nam  |c Th.S  |e Hướng dẫn 
OWN |a LSP 
AVA |a UDN50  |b LSP  |d 910.45 DI-D  |e available  |t Error 5001 Not defined in file expand_doc_bib_avail.  |f 1  |g 0  |h N  |i 0  |k 1 
999 |a From the UDN01 
AVA |a UDN50  |b LSP  |d 910.45 DI-D  |e available  |t Error 5001 Not defined in file expand_doc_bib_avail.  |f 1  |g 0  |h N  |i 0  |k 1 
TYP |a Monograph 
TYP |a Printed language 
980 |a Mạng thư viện Đại học Đà Nẵng